[Event "Ì11Ï"]
[Site "Loo"]
[Date "2017.04.24"]
[Round "5.45"]
[White "Äåíèñîâ, Ìàòâåé."]
[Black "Øåâåë¸â, Äàíèèë."]
[Result "1/2-1/2"]
[WhiteElo "1252"]
[BlackElo "1418"]
[PlyCount "139"]
[EventDate "2017.04.20"]

1. e4 c6 2. d3 d5 3. Nd2 d4 4. Ngf3 c5 5. Be2 Bg4 6. O-O Bxf3 7. Nxf3 e6 8. Re1
Nf6 9. Bg5 Be7 10. h4 O-O 11. c3 Nc6 12. Qc2 b6 13. Rad1 Qd7 14. a3 Rfd8 15.
Bf1 Qc7 16. g3 Ne5 17. Nxe5 Qxe5 18. Bf4 Qh5 19. Be2 Qg6 20. Kg2 Nh5 21. Bxh5
Qxh5 22. Rh1 e5 23. Bc1 Rd6 24. f3 Qg6 25. h5 Qe6 26. g4 Qd7 27. g5 Rd8 28. c4
Rc8 29. Rdg1 f5 30. Kf2 fxe4 31. fxe4 Rf8+ 32. Ke2 Qe6 33. g6 h6 34. b3 Qd7 35.
a4 Rdf6 36. Ke1 Rf2 37. Qxf2 Rxf2 38. Kxf2 Bf6 39. Ke2 a6 40. Bd2 b5 41. axb5
axb5 42. cxb5 Qxb5 43. Ra1 Qb7 44. Rhc1 Qc8 45. Rg1 Kf8 46. Raf1 Qh3 47. Rh1
Qg4+ 48. Ke1 Ke7 49. Ba5 Qg3+ 50. Kd2 Qe3+ 51. Kc2 Qe2+ 52. Bd2 Ke6 53. Re1 Qg2
54. Rhg1 Qf3 55. Rh1 Kd6 56. Ref1 Qg4 57. Bxh6 gxh6 58. Rxf6+ Ke7 59. Rhf1 Qe2+
60. Kc1 Qe3+ 61. Kb2 Qd2+ 62. Ka3 Qa5+ 63. Kb2 Qc3+ 64. Ka2 Qd2+ 65. Ka1 Qc3+
66. Ka2 Qd2+ 67. Ka3 Qa5+ 68. Kb2 Qc3+ 69. Ka2 Qd2+ 70. Ka3 1/2-1/2

[Event "Ì11Ï"]
[Site "Loo"]
[Date "2017.04.24"]
[Round "5.46"]
[White "Ìèíüêî, Àëåêñàíäð."]
[Black "Øåëåïíåâ, Àðòåì."]
[Result "1/2-1/2"]
[WhiteElo "1247"]
[BlackElo "1413"]
[PlyCount "87"]
[EventDate "2017.04.20"]

1. e4 e5 2. Nf3 Nf6 3. Nc3 Nc6 4. Bb5 Bb4 5. O-O O-O 6. d3 d6 7. Bg5 Ne7 8. d4
exd4 9. Nxd4 Bxc3 10. bxc3 c6 11. Bd3 Ng6 12. f4 h6 13. f5 Ne5 14. Bxf6 Qxf6
15. c4 b6 16. a4 Bb7 17. c3 Ba6 18. a5 Bxc4 19. Bxc4 Nxc4 20. Qe2 Nxa5 21. g3
Rfe8 22. Rf4 d5 23. g4 Qe5 24. Qe3 dxe4 25. Re1 Qc5 26. f6 Nc4 27. Qh3 Qg5 28.
Rf5 Qg6 29. fxg7 Qxg7 30. Nxc6 Re6 31. Nd4 Rf6 32. Ref1 Rxf5 33. Nxf5 Qg5 34.
Nxh6+ Kf8 35. Rxf7+ Ke8 36. Rf1 Nd2 37. Rf2 Nf3+ 38. Kh1 Qc1+ 39. Rf1 Qxc3 40.
Qh5+ Ke7 41. Nf5+ Ke6 42. Qg6+ Qf6 43. Ng7+ Ke5 44. Qh5+ 1/2-1/2

[Event "Ì11Ï"]
[Site "Loo"]
[Date "2017.04.24"]
[Round "5.47"]
[White "Êîðîëåâ, Àðòåì (Ñ-Ï)."]
[Black "Îðëîâ, Ïîòàï."]
[Result "0-1"]
[WhiteElo "1403"]
[BlackElo "1217"]
[PlyCount "98"]
[EventDate "2017.04.20"]

1. c4 e6 2. g3 d5 3. Bg2 Nf6 4. cxd5 exd5 5. Nf3 Bd6 6. O-O O-O 7. d3 c6 8. Re1
Re8 9. Bg5 h6 10. Bxf6 Qxf6 11. Nc3 Bb4 12. Qb3 a5 13. a3 Bd6 14. e4 d4 15. Ne2
c5 16. e5 Bxe5 17. Nxe5 Rxe5 18. Bxb7 Bxb7 19. Qxb7 Qa6 20. Qxa6 Rxa6 21. Nf4
Nd7 22. Rac1 Rc6 23. Kf1 Kf8 24. Re2 g5 25. Ng2 Rce6 26. Rce1 Ke7 27. Rxe5 Nxe5
28. Rd1 Rb6 29. Rd2 Nf3 30. Re2+ Kd6 31. h4 Rb3 32. hxg5 hxg5 33. Ne1 Nxe1 34.
Kxe1 Rxd3 35. Rd2 Rxd2 36. Kxd2 Kd5 37. b3 Ke4 38. Ke2 d3+ 39. Kd2 Kd4 40. f3
f5 41. f4 g4 42. a4 c4 43. bxc4 Kxc4 44. Kd1 Kd4 45. Ke1 Ke3 46. Kf1 d2 47. Kg2
d1=Q 48. Kh2 Qe2+ 49. Kh1 Kf3 0-1

[Event "Ì11Ï"]
[Site "Loo"]
[Date "2017.04.24"]
[Round "5.48"]
[White "Êóõòèí, Âëàäèñëàâ."]
[Black "Ñòàðöåâ, Ìàêñèì."]
[Result "1/2-1/2"]
[WhiteElo "1392"]
[BlackElo "1196"]
[PlyCount "87"]
[EventDate "2017.04.20"]

1. e4 e6 2. d4 d5 3. Nd2 c5 4. exd5 exd5 5. c3 Nf6 6. Ngf3 Nc6 7. Bb5 Be7 8.
O-O O-O 9. Re1 Bg4 10. Qa4 cxd4 11. Nxd4 Nxd4 12. cxd4 a6 13. Bd3 Rc8 14. Nf1
Re8 15. Bd2 Bd6 16. Re3 Ne4 17. Ba5 b6 18. Bc3 Nxc3 19. bxc3 a5 20. Rae1 Rxe3
21. Rxe3 Qc7 22. h3 Bd7 23. Qd1 Re8 24. Qh5 g6 25. Rxe8+ Bxe8 26. Qxd5 Qxc3 27.
Qxd6 Qxd3 28. Qxb6 Bb5 29. Qb8+ Kg7 30. Qe5+ Kg8 31. Ne3 Bc6 32. d5 Ba4 33. d6
Qb1+ 34. Kh2 Qxa2 35. Qxa5 Qxf2 36. Qxa4 Qxe3 37. Qa8+ Kg7 38. d7 Qf4+ 39. g3
Qd2+ 40. Qg2 Qxd7 41. Qb2+ f6 42. Qe2 h5 43. h4 Qf5 44. Qe7+ 1/2-1/2

[Event "Ì11Ï"]
[Site "Loo"]
[Date "2017.04.24"]
[Round "5.49"]
[White "Ãàñàíîâ, Ôóàä."]
[Black "Ãðèãîðÿí, Ðîìàí."]
[Result "1/2-1/2"]
[WhiteElo "1390"]
[BlackElo "1187"]
[PlyCount "96"]
[EventDate "2017.04.20"]

1. d4 d5 2. c4 e5 3. dxe5 d4 4. Nf3 Nc6 5. Nbd2 Bc5 6. Nb3 Bb4+ 7. Bd2 Bxd2+ 8.
Qxd2 Bg4 9. Nfxd4 Nxe5 10. e3 Nf6 11. h3 Be6 12. Nxe6 Qxd2+ 13. Nxd2 fxe6 14.
Nb3 O-O-O 15. Be2 Nd3+ 16. Bxd3 Rxd3 17. O-O b6 18. Rfd1 Rhd8 19. Rxd3 Rxd3 20.
Kf1 Kb7 21. Ke2 Rd6 22. c5 Rd5 23. cxb6 axb6 24. Rc1 c5 25. Rd1 Rxd1 26. Kxd1
Kc6 27. Ke2 Kd5 28. Nd2 e5 29. Kd3 b5 30. b3 Kd6 31. f3 Nd5 32. Ne4+ Kc6 33. a3
h6 34. Nc3 Nf6 35. g4 Kb6 36. e4 Kc6 37. Ne2 Kb6 38. Ng3 g6 39. Kc3 Kc6 40. h4
h5 41. g5 Ne8 42. Ne2 Nd6 43. Ng3 Kb6 44. Kd3 Ka5 45. Ne2 Kb6 46. Nc3 Kc6 47.
Nd5 Nc8 48. Kc3 Kd6 1/2-1/2

[Event "Ì11Ï"]
[Site "Loo"]
[Date "2017.04.24"]
[Round "5.50"]
[White "ßøêàåâ, Àëåêñàíäð."]
[Black "Çàêèðîâ, Ìóñà."]
[Result "1-0"]
[WhiteElo "1182"]
[BlackElo "1380"]
[PlyCount "59"]
[EventDate "2017.04.20"]

1. d4 Nf6 2. c4 g6 3. Nc3 Bg7 4. Nf3 O-O 5. Bf4 d6 6. Qd2 c6 7. Bh6 a5 8. a4
Na6 9. Bxg7 Kxg7 10. e3 Nb4 11. Be2 Bd7 12. O-O d5 13. c5 Ne4 14. Nxe4 dxe4 15.
Ne5 f6 16. Nc4 Nd5 17. f3 exf3 18. Bxf3 Be6 19. e4 Nb4 20. Nb6 Ra7 21. d5 f5
22. Rfd1 fxe4 23. Qc3+ Kg8 24. dxe6 Nd5 25. Nxd5 exf3 26. Nf6+ exf6 27. Rxd8
Rxd8 28. Qxf6 Rf8 29. Qe7 Raa8 30. Qxb7 1-0

[Event "Ì11Ï"]
[Site "Loo"]
[Date "2017.04.24"]
[Round "5.51"]
[White "Êóçíåöîâ, Àëåêñàíäð."]
[Black "Íåôåäîâ, Èëüÿ."]
[Result "0-1"]
[WhiteElo "1369"]
[BlackElo "1179"]
[PlyCount "84"]
[EventDate "2017.04.20"]

1. e4 e6 2. d4 d5 3. e5 c5 4. Qg4 cxd4 5. Nf3 Nc6 6. Bd3 Nge7 7. O-O Qc7 8. Qg3
b6 9. a3 a5 10. b3 Ba6 11. Bb2 Bxd3 12. cxd3 Ng6 13. Rc1 Ngxe5 14. Nxd4 Nxd4
15. Kf1 Nf5 16. Qxe5 Qxe5 17. Bxe5 f6 18. Bb2 Bd6 19. g3 Kf7 20. Nd2 b5 21. Rc6
b4 22. a4 h5 23. Rac1 h4 24. Kg2 hxg3 25. hxg3 Rh7 26. g4 Nh4+ 27. Kf1 Bf4 28.
R1c2 Rah8 29. Ke2 Bxd2 30. Kxd2 Nf3+ 31. Ke2 Ng5 32. Ra6 Rh2 33. Rc7+ Kg6 34.
Bd4 e5 35. Bc5 Nh3 36. Kf3 Nf4 37. Ke3 R8h3+ 38. Kd2 Rxd3+ 39. Kc1 Rc3+ 40. Kb1
Rh1+ 41. Kb2 Nd3+ 42. Ka2 Rc2# 0-1

[Event "Ì11Ï"]
[Site "Loo"]
[Date "2017.04.24"]
[Round "5.52"]
[White "Àíòîíîâ, Âëàäèìèð."]
[Black "Ñàáèðîâ, Ìàðñåëü."]
[Result "0-1"]
[WhiteElo "1368"]
[BlackElo "1138"]
[PlyCount "92"]
[EventDate "2017.04.20"]

1. e4 e5 2. Nf3 Nc6 3. Bc4 Nf6 4. Ng5 d5 5. exd5 Na5 6. Bb5+ Bd7 7. Bxd7+ Qxd7
8. Nc3 Nxd5 9. Qf3 Nxc3 10. Qxc3 Nc6 11. d3 Bb4 12. O-O Bxc3 13. bxc3 h6 14.
Ne4 Qe7 15. a4 b6 16. Re1 f5 17. Ng3 f4 18. Ne4 O-O-O 19. Ba3 Qe6 20. f3 g5 21.
Nf2 h5 22. h3 Qf6 23. Ne4 Qg6 24. Nf2 Qf5 25. Rad1 g4 26. fxg4 hxg4 27. Nxg4
Rd7 28. Nf2 Rg7 29. Re2 f3 30. Red2 Rxg2+ 31. Kf1 Qg5 32. Ne4 Rg1+ 33. Kf2 Qg2+
34. Ke3 Qh1 35. Rxg1 Qxg1+ 36. Kxf3 Rxh3+ 37. Ng3 Rxg3+ 38. Ke4 Qe3+ 39. Kd5
Qxd2 40. Kxc6 Qxc3+ 41. Kd5 Rg6 42. Ke4 Qxa3 43. a5 Qd6 44. axb6 Rf6 45. b7+
Kxb7 46. d4 Qxd4# 0-1

[Event "Ì11Ï"]
[Site "Loo"]
[Date "2017.04.24"]
[Round "5.53"]
[White "Ìîøêîâ, Àëåêñàíäð."]
[Black "Ïàòðàêååâ, Ïàíêðàò."]
[Result "1-0"]
[WhiteElo "1178"]
[BlackElo "1366"]
[PlyCount "87"]
[EventDate "2017.04.20"]

1. e4 e5 2. Nf3 Nc6 3. Bb5 Nf6 4. O-O d6 5. d3 Bd7 6. c3 Be7 7. Nbd2 a6 8. Ba4
b5 9. Bb3 Bg4 10. h3 Bh5 11. Re1 O-O 12. Nf1 Na5 13. Bc2 c5 14. Ng3 Bxf3 15.
Qxf3 Nc6 16. Nf5 Nd7 17. Qg4 g6 18. Bh6 Re8 19. Ng7 Bf6 20. Nxe8 Qxe8 21. Bg5
Bg7 22. Bb3 Na7 23. a4 h6 24. Be3 Nf6 25. Qe2 Qb8 26. Bc2 b4 27. Reb1 a5 28.
Qd2 Kh7 29. f4 exf4 30. Bxf4 g5 31. Be3 Qc7 32. Rf1 d5 33. Rf5 bxc3 34. bxc3 d4
35. cxd4 cxd4 36. Bxd4 Nc6 37. Bxf6 Bxf6 38. Rxf6 Nd4 39. Qf2 Kg7 40. Qxd4 Kg8
41. Bb3 Rf8 42. Raf1 g4 43. Rg6+ Kh7 44. Qg7# 1-0

[Event "Ì11Ï"]
[Site "Loo"]
[Date "2017.04.24"]
[Round "5.54"]
[White "×óðêèí, Êîíñòàíòèí."]
[Black "×åðíÿåâ, Äàíèë."]
[Result "0-1"]
[WhiteElo "1364"]
[BlackElo "1108"]
[PlyCount "114"]
[EventDate "2017.04.20"]

1. e4 c6 2. d4 d5 3. e5 Bf5 4. h4 h5 5. Bd3 Bxd3 6. Qxd3 e6 7. Be3 Nd7 8. Nf3
Ne7 9. Bg5 Qb6 10. Qb3 Nf5 11. c3 Qc7 12. Nbd2 Be7 13. Bxe7 Nxe7 14. c4 Qb6 15.
O-O Qxb3 16. axb3 O-O 17. c5 b6 18. b4 Rfb8 19. b3 Nf5 20. Ra6 bxc5 21. bxc5
Rb4 22. Ra4 Rxa4 23. bxa4 Rb8 24. Rb1 Rxb1+ 25. Nxb1 f6 26. exf6 gxf6 27. Kf1
e5 28. dxe5 fxe5 29. Ke2 e4 30. Nfd2 Nxc5 31. a5 Kf7 32. g3 Ke6 33. Nf1 Ke5 34.
f3 Nd4+ 35. Ke3 Nxf3 36. Nfd2 Nxd2 37. Nxd2 d4+ 38. Ke2 Na4 39. Nc4+ Kd5 40.
Nd2 Nc3+ 41. Ke1 e3 42. Nb3 d3 43. a6 d2+ 44. Nxd2 exd2+ 45. Kxd2 Ne4+ 46. Kd3
c5 47. Kc2 c4 48. Kc1 c3 49. Kc2 Kd4 50. g4 hxg4 51. h5 g3 52. h6 Nf6 53. h7
Nxh7 54. Kc1 g2 55. Kc2 Kc4 56. Kd1 Kd3 57. Ke1 g1=Q# 0-1

[Event "Ì11Ï"]
[Site "Loo"]
[Date "2017.04.24"]
[Round "5.55"]
[White "Ðåçâûé, Äìèòðèé."]
[Black "Øàëèìîâ, Âëàäèìèð."]
[Result "1/2-1/2"]
[WhiteElo "1360"]
[BlackElo "1087"]
[PlyCount "95"]
[EventDate "2017.04.20"]

1. e4 e5 2. Nf3 Nc6 3. Bb5 a6 4. Ba4 Nf6 5. O-O Be7 6. Re1 O-O 7. c3 b5 8. Bc2
d6 9. d4 Bg4 10. b4 h6 11. d5 Nb8 12. a4 c6 13. h3 Bh5 14. Bb3 Qc7 15. c4 bxc4
16. Bxc4 Qb7 17. Ba3 cxd5 18. Bxd5 Nxd5 19. exd5 Nd7 20. Nc3 Nf6 21. Qd3 Bg6
22. Qc4 Rfc8 23. Qb3 Rab8 24. Red1 Qc7 25. Rac1 Qb7 26. b5 axb5 27. axb5 Ne4
28. Qb4 Nxc3 29. Rxc3 Rxc3 30. Qxc3 Qxb5 31. Nxe5 Qb3 32. Qxb3 Rxb3 33. Nxg6
fxg6 34. Bc1 Rb1 35. Rf1 Bg5 36. Bxg5 Rxf1+ 37. Kxf1 hxg5 38. Ke2 Kf7 39. Kf3
Kf6 40. Ke4 Ke7 41. g4 Kf6 42. f3 Ke7 43. f4 Kf6 44. f5 gxf5+ 45. gxf5 g6 46.
fxg6 Kxg6 47. Kf3 Kf5 48. Kg3 1/2-1/2

[Event "Ì11Ï"]
[Site "Loo"]
[Date "2017.04.24"]
[Round "5.56"]
[White "Àíäðååâ, Êîíñòàíòèí."]
[Black "Êîíèåâ, Öåðåí."]
[Result "1-0"]
[WhiteElo "1355"]
[BlackElo "1083"]
[PlyCount "59"]
[EventDate "2017.04.20"]

1. e4 e5 2. Nf3 Nc6 3. Bc4 Bb4 4. c3 Bd6 5. d3 Nf6 6. O-O O-O 7. Re1 Na5 8. Bb5
a6 9. Ba4 b5 10. Bc2 Re8 11. d4 Nc6 12. a4 Bb7 13. d5 Nb8 14. Bd3 c6 15. dxc6
Nxc6 16. axb5 axb5 17. Rxa8 Qxa8 18. Bxb5 Bc5 19. Nbd2 Ng4 20. Re2 Qa5 21. Bd3
Qa7 22. Qf1 Nd8 23. h3 Nf6 24. Nc4 d5 25. Ncd2 Bxf2+ 26. Qxf2 Qxf2+ 27. Kxf2
Nh5 28. g3 d4 29. cxd4 exd4 30. Nxd4 1-0

[Event "Ì11Ï"]
[Site "Loo"]
[Date "2017.04.24"]
[Round "5.57"]
[White "Ìàðäîÿí, Òèãðàí."]
[Black "Ëûñîâ, Àðñåíèé."]
[Result "0-1"]
[WhiteElo "1159"]
[BlackElo "1354"]
[PlyCount "158"]
[EventDate "2017.04.20"]

1. e4 c5 2. Nf3 Nc6 3. d4 cxd4 4. Nxd4 Nf6 5. Nc3 e5 6. Ndb5 d6 7. Be2 a6 8.
Na3 b5 9. Nd5 Be7 10. Nxf6+ Bxf6 11. O-O O-O 12. c4 b4 13. Nc2 a5 14. Bd2 Be6
15. Rb1 Qc7 16. b3 Kh8 17. Be3 Rfd8 18. f4 Kg8 19. f5 Bc8 20. Qe1 Bb7 21. Qf2
Rd7 22. Bb6 Qb8 23. Be3 Ne7 24. Bd3 Nc6 25. Rbd1 Qd8 26. Rd2 a4 27. Rfd1 axb3
28. axb3 Ra2 29. Be2 Be7 30. Bf3 Rb2 31. Rd3 Qa8 32. h3 Qa2 33. Ra1 Rb1+ 34.
Rxb1 Qxb1+ 35. Kh2 Rd8 36. Qe1 Qxc2 37. Qf1 Qa2 38. Bb6 Ra8 39. Qd1 Qa6 40. Be3
Qa1 41. Qe2 Ra2 42. Bd2 Nd4 43. Qe3 h6 44. Bxb4 Bg5 45. Qg1 Nxf3+ 46. Rxf3
Qxg1+ 47. Kxg1 Bxe4 48. Rc3 Bd2 49. Rg3 Bxb4 50. Rg4 Bxf5 51. Rg3 Ra3 52. Kh2
Bc2 53. Rf3 Rxb3 54. Rf2 Rc3 55. g4 Rxc4 56. Rd2 Bxd2 57. Kg2 Bf4 58. Kf3 Rc3+
59. Ke2 Rxh3 60. Kf2 Rf3+ 61. Kxf3 Bd1+ 62. Kf2 Be3+ 63. Kxe3 Bxg4 64. Kf2 e4
65. Ke3 d5 66. Kf4 g5+ 67. Kxg4 f5+ 68. Kxf5 e3 69. Ke5 e2 70. Kd4 e1=Q 71.
Kxd5 g4 72. Kd4 g3 73. Kc4 g2 74. Kd3 g1=Q 75. Kc4 Qe2+ 76. Kd5 Qd2+ 77. Kc4
Qgc1+ 78. Kb5 Qdb2+ 79. Ka4 Qca1# 0-1

[Event "Ì11Ï"]
[Site "Loo"]
[Date "2017.04.24"]
[Round "5.58"]
[White "Âîðîíèí, Íèêèòà."]
[Black "Õîòåíêî, Äàíèèë."]
[Result "1-0"]
[WhiteElo "1104"]
[BlackElo "1351"]
[PlyCount "73"]
[EventDate "2017.04.20"]

1. d4 e6 2. Nf3 f5 3. Bf4 Nf6 4. e3 b6 5. c4 Bb4+ 6. Nc3 Bb7 7. a3 Bxc3+ 8.
bxc3 O-O 9. Bd3 d6 10. O-O Ne4 11. Qc2 Qf6 12. Nd2 Nxd2 13. Qxd2 e5 14. dxe5
dxe5 15. Bg3 f4 16. Qc2 Qh6 17. exf4 exf4 18. Rae1 fxg3 19. fxg3 Nc6 20. c5
Rxf1+ 21. Rxf1 Ne7 22. Re1 Nd5 23. Be4 Ne3 24. Qb3+ Kh8 25. Bxb7 Rf8 26. Bf3
bxc5 27. Qb7 Nc2 28. Rd1 Qe3+ 29. Kh1 Re8 30. h3 Qxc3 31. Qxc7 h6 32. Kh2 h5
33. Qf7 Rb8 34. Be4 Qf6 35. Qc7 Qb6 36. Qxb6 Rxb6 37. Rd8# 1-0

[Event "Ì11Ï"]
[Site "Loo"]
[Date "2017.04.24"]
[Round "5.59"]
[White "Êîëûáèí, Ñåðãåé."]
[Black "Òðåôèëîâ, Âÿ÷åñëàâ."]
[Result "0-1"]
[WhiteElo "1015"]
[BlackElo "1346"]
[PlyCount "134"]
[EventDate "2017.04.20"]

1. e4 c6 2. d4 g6 3. Nc3 d5 4. a3 Bg7 5. e5 Nh6 6. Nf3 Bg4 7. Be2 e6 8. O-O O-O
9. h3 Bxf3 10. Bxf3 Nf5 11. b4 a5 12. Rb1 Qc7 13. Re1 b6 14. g4 Ne7 15. Na4
axb4 16. c3 b5 17. Nc5 bxa3 18. Ra1 a2 19. Qb3 Nd7 20. Nxd7 Qxd7 21. Re2 Nc8
22. Rexa2 Nb6 23. Ba3 Rfd8 24. Bc5 Rxa2 25. Rxa2 Na4 26. Bb4 Bf8 27. Bd1 Ra8
28. Bxf8 Kxf8 29. Qb4+ Qe7 30. Qxe7+ Kxe7 31. Bxa4 Rxa4 32. Rb2 Rc4 33. Rb3 Ra4
34. f3 Kd7 35. Kf2 Kc7 36. Ke2 Ra2+ 37. Kd3 Rh2 38. Ra3 Kb7 39. f4 Rxh3+ 40.
Ke2 h5 41. g5 h4 42. Kf2 Rh2+ 43. Kg1 Rc2 44. Kh1 Rf2 45. Ra1 Rxf4 46. Kg2 Rg4+
47. Kh3 Rxg5 48. Kxh4 Rf5 49. Rg1 Rh5+ 50. Kg4 Kb6 51. Rf1 Rf5 52. Rg1 c5 53.
Rb1 Rh5 54. Rf1 Rf5 55. Rh1 cxd4 56. cxd4 b4 57. Rh2 Kb5 58. Rc2 b3 59. Rb2 Kb4
60. Rb1 Kc3 61. Rxb3+ Kxb3 62. Kh4 Kc4 63. Kg4 Kxd4 64. Kh4 Ke3 65. Kg4 d4 66.
Kh4 Kf3 67. Kh3 Rh5# 0-1

[Event "Ì11Ï"]
[Site "Loo"]
[Date "2017.04.24"]
[Round "5.71"]
[White "Çåëåíîâ, Òèìîôåé."]
[Black "Êàðïåíöåâ, Ìèõàèë."]
[Result "0-1"]
[WhiteElo "1189"]
[BlackElo "1465"]
[PlyCount "214"]
[EventDate "2017.04.20"]

1. e4 e6 2. d4 d5 3. exd5 exd5 4. Bf4 Nf6 5. Nc3 Bd6 6. Bxd6 Qxd6 7. Nf3 Bf5 8.
Be2 O-O 9. O-O Nbd7 10. h3 Rfe8 11. Bd3 Bg6 12. Bxg6 hxg6 13. Qd2 Ne4 14. Nxe4
dxe4 15. Nh2 Nf6 16. Rfe1 Rad8 17. c3 c5 18. Rad1 Re7 19. Nf1 Red7 20. Qe3 Qc6
21. Rd2 cxd4 22. cxd4 Qa6 23. a3 Qa4 24. Red1 Qc6 25. Ng3 a6 26. Qb3 Rd6 27.
Qe3 R6d7 28. Ne2 b5 29. Rc1 Qb7 30. b4 Rc8 31. Rxc8+ Qxc8 32. Rb2 Qc4 33. Rd2
Rd8 34. Qc3 Qxc3 35. Nxc3 Kf8 36. Kf1 Ke7 37. Ke2 Kd6 38. Ke3 Nd5+ 39. Nxd5
Kxd5 40. Rc2 Rd7 41. Rc5+ Kd6 42. Kxe4 Re7+ 43. Re5 Rc7 44. Rc5 Re7+ 45. Kd3
Re1 46. Rc2 Rd1+ 47. Ke3 Re1+ 48. Kf3 Rd1 49. Ke3 Re1+ 50. Kd3 Rd1+ 51. Kc3 Ra1
52. Kb2 Rd1 53. Kc3 Ra1 54. Kb3 Rd1 55. Rc8 Rxd4 56. Kc3 Rf4 57. f3 Rf6 58. Rg8
Ke5 59. Re8+ Kd6 60. Kd4 Kd7 61. Re5 Rf4+ 62. Re4 Rf6 63. Ke3 Rc6 64. Kd3 Rf6
65. f4 Rc6 66. g3 Rc1 67. Re3 Rh1 68. h4 Rc1 69. Ke4 Rc4+ 70. Ke5 f6+ 71. Kd5
Rc6 72. Ke4 Rc4+ 73. Kf3 Rc6 74. g4 Rc1 75. g5 f5 76. Kf2 Rc2+ 77. Re2 Rc3 78.
Re3 Rc2+ 79. Kf3 Rb2 80. Kg3 Rc2 81. Rd3+ Kc7 82. Kf3 Rh2 83. Kg3 Rc2 84. Re3
Kd7 85. Rd3+ Ke7 86. Rb3 Rc1 87. Kf2 Rh1 88. Kg3 Re1 89. Kf3 Rh1 90. a4 Rh3+
91. Ke2 Rxb3 92. axb5 axb5 93. Kd2 Rxb4 94. Kc3 Rxf4 95. Kd3 b4 96. Kc2 Rxh4
97. Kb3 f4 98. Kxb4 f3+ 99. Kc3 f2 100. Kd2 f1=Q 101. Ke3 Qf4+ 102. Kd3 Qe4+
103. Kc3 Rh3+ 104. Kd2 Rd3+ 105. Kc2 Qc4+ 106. Kb2 Rb3+ 107. Ka2 Qa4# 0-1

[Event "Ì11Ï"]
[Site "Loo"]
[Date "2017.04.24"]
[Round "5.72"]
[White "Êîñòèêîâ, Ìèõàèë."]
[Black "Èâàíàåâ, Âëàäèñëàâ."]
[Result "1-0"]
[WhiteElo "1403"]
[BlackElo "1114"]
[PlyCount "57"]
[EventDate "2017.04.20"]

1. e4 e5 2. Nf3 Nc6 3. Bb5 a6 4. Ba4 Nf6 5. d3 Bc5 6. O-O b5 7. Bb3 d6 8. c3
Bg4 9. Nbd2 O-O 10. h3 Bh5 11. Re1 Re8 12. Nf1 d5 13. exd5 Nxd5 14. Ng3 Bg6 15.
d4 Ba7 16. dxe5 Nb6 17. Qxd8 Raxd8 18. Bg5 Rd7 19. e6 fxe6 20. Bxe6+ Kf8 21.
Bxd7 Nxd7 22. Rxe8+ Kxe8 23. Re1+ Kf8 24. Nh4 Bf7 25. Nhf5 Bxa2 26. Ra1 Bf7 27.
Rxa6 Bd5 28. Ne3 Nc5 29. Rxa7 1-0

[Event "Ì11Ï"]
[Site "Loo"]
[Date "2017.04.24"]
[Round "5.74"]
[White "Ñìîëêîâ, Ï¸òð."]
[Black "Óðóñîâ, Ãåðìàí."]
[Result "1/2-1/2"]
[WhiteElo "1096"]
[BlackElo "1339"]
[PlyCount "100"]
[EventDate "2017.04.20"]

1. e4 c5 2. Nf3 e6 3. d4 cxd4 4. Nxd4 a6 5. Nc3 Qc7 6. Be2 Nf6 7. O-O Be7 8. f4
d6 9. Rf3 b5 10. a3 Bb7 11. Bd3 Nbd7 12. Rg3 g6 13. f5 Nc5 14. Qe2 d5 15. fxe6
Nxe6 16. Nxe6 Qb6+ 17. Be3 Qxe6 18. exd5 Nxd5 19. Nxd5 Bxd5 20. Bd4 Qxe2 21.
Bxe2 O-O 22. Bf3 Bxf3 23. Rxf3 Rad8 24. Bb6 Rd5 25. b4 Rb8 26. Be3 Rc8 27. Rc1
Rc3 28. Bf4 Rxf3 29. gxf3 Rf5 30. Bg3 Rxf3 31. c3 Bf6 32. Be1 Kf8 33. Kg2 Rd3
34. Kf2 Bg5 35. Rc2 Rh3 36. Kg2 Rd3 37. Kf2 Ke7 38. Ke2 Re3+ 39. Kd2 Rh3+ 40.
Kd1 Bf4 41. Re2+ Kd8 42. Rf2 g5 43. Bd2 Rd3 44. Kc2 Rxd2+ 45. Rxd2+ Bxd2 46.
Kxd2 Kd7 47. Kd3 Kd6 48. Kd4 f5 49. c4 g4 50. c5+ Ke6 1/2-1/2

[Event "Ì11Ï"]
[Site "Loo"]
[Date "2017.04.24"]
[Round "5.78"]
[White "Ãîëîâà÷åâ, Ëåîíèä."]
[Black "Âó, Âëàäèìèð."]
[Result "1/2-1/2"]
[WhiteElo "1587"]
[BlackElo "1042"]
[PlyCount "88"]
[EventDate "2017.04.20"]

1. e4 c5 2. b3 d6 3. f4 Nf6 4. Bb5+ Bd7 5. Bxd7+ Qxd7 6. Bb2 Nxe4 7. d3 Nf6 8.
Nc3 g6 9. Nf3 Bg7 10. Nd5 O-O 11. Nxf6+ exf6 12. O-O f5 13. Bxg7 Kxg7 14. d4
Rd8 15. Qd2 Nc6 16. d5 Ne7 17. c4 Ng8 18. Qc3+ Nf6 19. Rae1 Re8 20. Nh4 Rxe1
21. Qxe1 Ne4 22. g4 Re8 23. gxf5 gxf5 24. Kh1 Rg8 25. Qe3 Re8 26. Qh3 Kf6 27.
Nf3 Rh8 28. Qh4+ Kg7 29. Rg1+ Kf8 30. Ng5 Nf6 31. Qh6+ Ke7 32. Re1+ Ne4 33.
Nxh7 Kd8 34. Rxe4 fxe4 35. Qf6+ Kc7 36. Qxh8 Qh3 37. Kg1 Qe3+ 38. Kf1 Qf3+ 39.
Ke1 Qe3+ 40. Kd1 Qd3+ 41. Ke1 Qe3+ 42. Kd1 Qd3+ 43. Kc1 Qf1+ 44. Kd2 Qd3+
1/2-1/2

[Event "Ä15Ï"]
[Site "Loo"]
[Date "2017.04.24"]
[Round "5.1"]
[White "Ãðóíèíà, Ìàðãàðèòà."]
[Black "Ñàôðîíîâà, Àëåêñàíäðà."]
[Result "1-0"]
[WhiteElo "1678"]
[BlackElo "1749"]
[PlyCount "79"]
[EventDate "2017.04.20"]

1. e4 c5 2. Nf3 d6 3. d4 cxd4 4. Nxd4 Nf6 5. Nc3 g6 6. Be3 Bg7 7. f3 O-O 8. Qd2
Nc6 9. O-O-O d5 10. Kb1 e5 11. Nxc6 bxc6 12. exd5 cxd5 13. Nxd5 Nxd5 14. Qxd5
Qc7 15. Qxa8 Bf5 16. Qxf8+ Bxf8 17. Bd3 Be6 18. Bc1 a5 19. b3 a4 20. bxa4 Qb7+
21. Bb5 Bc4 22. Bb2 Bxb5 23. axb5 Qxb5 24. Rd3 f6 25. Re1 Bc5 26. Rb3 Qd7 27.
Bc1 Bd4 28. Rd1 Qc7 29. Bb2 Bb6 30. Rbd3 Qb8 31. c4 Bd4 32. Rb3 Qc7 33. Bxd4
exd4 34. Rxd4 Qxh2 35. Rd2 h5 36. Rb7 Qg1+ 37. Kc2 Qc5 38. Rd8+ Qf8 39. Rxf8+
Kxf8 40. a4 1-0

[Event "Ä15Ï"]
[Site "Loo"]
[Date "2017.04.24"]
[Round "5.2"]
[White "Êóäðÿâöåâà, Ìàðèÿ."]
[Black "Êîìáàð, Ìàðèÿ."]
[Result "1/2-1/2"]
[WhiteElo "1758"]
[BlackElo "1528"]
[PlyCount "114"]
[EventDate "2017.04.20"]

1. d4 e6 2. c4 f5 3. Nc3 Nf6 4. Bg5 Bb4 5. e3 O-O 6. a3 Bxc3+ 7. bxc3 Qe8 8.
Bxf6 Rxf6 9. Nf3 d6 10. Be2 b6 11. Nd2 Bb7 12. Bf3 Bxf3 13. Qxf3 Qc6 14. O-O
Qxf3 15. Nxf3 Nd7 16. Rfe1 e5 17. e4 exd4 18. cxd4 fxe4 19. Rxe4 h6 20. h3 Raf8
21. Rae1 Rf4 22. Re7 R4f7 23. R7e3 g6 24. R1e2 Kg7 25. Ne1 a5 26. Nd3 Rf5 27.
g3 g5 28. a4 Rf3 29. Kg2 Rxe3 30. Rxe3 Nf6 31. f4 Re8 32. Kf3 Rxe3+ 33. Kxe3 c6
34. h4 gxh4 35. gxh4 Kg6 36. c5 bxc5 37. dxc5 dxc5 38. Nxc5 Kf5 39. Nd3 Nd5+
40. Kf3 h5 41. Ne5 c5 42. Nc4 Nc3 43. Nxa5 Nxa4 44. Nc4 Nc3 45. Ne3+ Ke6 46.
Nf1 Nd5 47. Ng3 Nf6 48. Nf1 Kd5 49. Ke3 c4 50. Nd2 Ng4+ 51. Kf3 Kd4 52. Nxc4
Kxc4 53. f5 Nf6 54. Kf4 Kd4 55. Kg5 Ke5 56. Kg6 Ng8 57. Kxh5 Kxf5 1/2-1/2

[Event "Ä15Ï"]
[Site "Loo"]
[Date "2017.04.24"]
[Round "5.3"]
[White "Øóáèíà, Åêàòåðèíà."]
[Black "Íèêîëàåâà, Êñåíèÿ."]
[Result "1-0"]
[WhiteElo "1692"]
[BlackElo "1743"]
[PlyCount "103"]
[EventDate "2017.04.20"]

1. e4 c5 2. Nf3 e6 3. d4 cxd4 4. Nxd4 a6 5. Bd3 Qc7 6. Qe2 d6 7. c4 Ne7 8. Nc3
g6 9. O-O Bg7 10. Be3 O-O 11. f4 Nbc6 12. Nxc6 bxc6 13. Kh1 Bb7 14. f5 exf5 15.
exf5 f6 16. c5 d5 17. Bd4 Rae8 18. fxg6 hxg6 19. Qe6+ Kh8 20. Qd6 Qxd6 21. cxd6
Nf5 22. Bxf5 gxf5 23. Rxf5 Re6 24. Bc5 Rf7 25. Raf1 Bc8 26. Na4 Kg8 27. Nb6 Bd7
28. Nxd7 Rxd7 29. h3 Kf7 30. g4 Kg6 31. h4 Re4 32. R5f4 Rxf4 33. Rxf4 Bf8 34.
h5+ Kg7 35. Kg2 Bxd6 36. Bxd6 Rxd6 37. Kf3 Kh6 38. b3 Kg5 39. Ra4 c5 40. Ra5
Rc6 41. b4 c4 42. Rxd5+ Kh6 43. Rc5 Rd6 44. Rxc4 Rd3+ 45. Kf4 Ra3 46. Kf5 Rxa2
47. Kxf6 Ra4 48. g5+ Kxh5 49. g6 Ra2 50. Rc6 Kh6 51. Kf7 Rf2+ 52. Rf6 1-0

[Event "Ä15Ï"]
[Site "Loo"]
[Date "2017.04.24"]
[Round "5.4"]
[White "Øàìñóòäèíîâà, Êàðèíà."]
[Black "Ìîèñååâà, Îëåñÿ."]
[Result "0-1"]
[WhiteElo "1617"]
[BlackElo "1695"]
[PlyCount "102"]
[EventDate "2017.04.20"]

1. d4 c5 2. d5 e5 3. e4 d6 4. Nf3 Bg4 5. h3 Bxf3 6. Qxf3 a6 7. a4 Nd7 8. Nd2
Ngf6 9. Bd3 g6 10. O-O Bg7 11. a5 O-O 12. Nc4 Qc7 13. Qe2 Nh5 14. Qf3 b5 15.
axb6 Nxb6 16. Na5 Nf4 17. g3 Nxd3 18. Qxd3 f5 19. f4 exf4 20. Bxf4 Bxb2 21.
Rab1 Bd4+ 22. Kg2 fxe4 23. Qxe4 Rae8 24. Qd3 Nxd5 25. Rb7 Nxf4+ 26. gxf4 Qxa5
27. Qc4+ Kh8 28. Rd1 Qc3 29. Qxc3 Bxc3 30. Rxd6 Rxf4 31. Rdd7 h5 32. Kg3 Rfe4
33. Ra7 R4e6 34. Kf4 Bf6 35. Rh7+ Kg8 36. Rhd7 R8e7 37. Rd8+ Kf7 38. Raa8 Re4+
39. Kf3 Re3+ 40. Kg2 Re2+ 41. Kf1 Re1+ 42. Kf2 R7e2+ 43. Kf3 Bxd8 44. Rxd8 Rxc2
45. Rd7+ Ke6 46. Ra7 Kf5 47. Rxa6 Rc3+ 48. Kf2 Rec1 49. Ke2 R1c2+ 50. Kd1 Rg2
51. h4 Rh3 0-1